Disfrutar el vino / (Registro nro. 30843)

Detalles MARC
000 -LEADER
fixed length control field 00739nam a22002177a 4500
003 - CONTROL NUMBER IDENTIFIER
control field OSt
005 - DATE AND TIME OF LATEST TRANSACTION
control field 20240930162022.0
008 - FIXED-LENGTH DATA ELEMENTS--GENERAL INFORMATION
fixed length control field 240930b |||ao||| |||| 00| 0 eng d
020 ## - INTERNATIONAL STANDARD BOOK NUMBER
International Standard Book Number 8466211780
037 ## - SOURCE OF ACQUISITION
Source of stock number/acquisition Donación
040 ## - CATALOGING SOURCE
Original cataloging agency CO-JMCR
Language of cataloging spa
Transcribing agency CO-JMCR
Modifying agency CO-JMCR
Description conventions rda
041 0# - LANGUAGE CODE
Language code of text/sound track or separate title spa
082 04 - DEWEY DECIMAL CLASSIFICATION NUMBER
Edition number 23
Classification number 641.22
Item number B14c
100 1# - MAIN ENTRY--PERSONAL NAME
Personal name Baeza, Concha
9 (RLIN) 43870
245 1# - TITLE STATEMENT
Title Disfrutar el vino /
Statement of responsibility, etc. Concha Baeza ; ilustraciones Baeza y Navarro ; Fotografía José Vicente Rodríguez
260 ## - PUBLICATION, DISTRIBUTION, ETC.
Place of publication, distribution, etc. Madrid, España :
Name of publisher, distributor, etc. Editorial LIBSA,
Date of publication, distribution, etc. 2005.
300 ## - PHYSICAL DESCRIPTION
Extent 120 páginas :
Other physical details Ilustraciones, fotografías ;
Dimensions 29 cm.
700 1# - ADDED ENTRY--PERSONAL NAME
Personal name Baeza y Navarro
Relator term Ilustradores
9 (RLIN) 43871
700 1# - ADDED ENTRY--PERSONAL NAME
Personal name Rodríguez, José Vicente
Relator term Fotógrafo
9 (RLIN) 43872
942 ## - ADDED ENTRY ELEMENTS (KOHA)
Source of classification or shelving scheme Dewey Decimal Classification
Koha item type Books
Existencias
Withdrawn status Lost status Source of classification or shelving scheme Damaged status Not for loan Collection code Home library Current library Shelving location Date acquired Source of acquisition Total Checkouts Full call number Barcode Date last seen Date last checked out Copy number Price effective from Koha item type
    Dewey Decimal Classification     Non-fiction Biblioteca Pública José María del Castillo y Rada Biblioteca Pública José María del Castillo y Rada Book Cart 06/28/2023 Donación 5 641.22 B14c 201812465 01/30/2026 01/30/2026 Ej.1 09/30/2024 Books